Los lugares colombinos y su entorno / Diego Ropero - Regidor (Registro nro. 3755)

Detalles MARC
000 -LEADER
fixed length control field 00552nam a22002051a 4500
001 - CONTROL NUMBER
control field 3755
003 - CONTROL NUMBER IDENTIFIER
control field OSt
005 - DATE AND TIME OF LATEST TRANSACTION
control field 20260204211903.0
008 - FIXED-LENGTH DATA ELEMENTS--GENERAL INFORMATION
fixed length control field 050207s1992||||sp ||||||b||||||||||spa||
020 ## - NUMERO DE LIBRO INTERNACIONAL NORMALIZADO
International Standard Book Number 8480040270
050 ## - LIBRARY OF CONGRESS CALL NUMBER
Classification number R 930 P276l
082 ## - DEWEY DECIMAL CLASSIFICATION NUMBER
Classification number R930 P276l
110 ## - ASIENTO PRINCIPAL -- NOMBRE CORPORATIVO
Corporate name or jurisdiction name as entry element Patronato Quinto Centenario
245 ## - TÍTULO PROPIAMENTE DICHO: SUBTÍTULO
Title Los lugares colombinos y su entorno / Diego Ropero - Regidor
264 ## - PRODUCTION, PUBLICATION, DISTRIBUTION, MANUFACTURE, AND COPYRIGHT NOTICE
Place of production, publication, distribution, manufacture España : Fundación Romanareces
300 ## - PHYSICAL DESCRIPTION
Extensión 301 p
650 ## - ASIENTO SECUNDARIO DE MATERIA -- TERMINO TEMÁTICO
Termino Temático Como Elemento de Entrada 1.Historia - Lugar Colombino
700 ## - ASIENTO SECUNDARIO -- NOMBRE PERSONAL
Personal name Ropero - Regidor DiegoÌ
942 ## - ADDED ENTRY ELEMENTS (KOHA)
Source of classification or shelving scheme Dewey Decimal Classification
Koha item type Libros
Existencias
Withdrawn status Lost status Source of classification or shelving scheme Damaged status Not for loan Current library Date acquired Total Checkouts Full call number Barcode Date last seen Price effective from Koha item type
    Dewey Decimal Classification     Biblioteca UTECO 09/09/2019   R 930 P276L 008334 09/09/2019 09/09/2019 Libros
© 2021 Derechos Reservados UTECO - Teléfono: +1 809-585-2291 - Correo electrónico: biblioteca@uteco.edu.do​  
Código postal 43000 ​​
Dirección: Avenida Universitaria No. 100, 
Cotuí, Provincia Sánchez Ramírez, República Dominicana - RNC: 404-00059-6